Yüklüyor......

Gender and management : international perspectives /

Gender can be understood as a construct which enables men and women to conduct themselves in a characteristic style and helps them understand their respective roles in family and society. The business world and management is no exception to this fact. Researchers have studied the effect of gender on...

Ful tanımlama

Detaylı Bibliyografya
Müşterek Yazar: Women's World Congress University of Hyderabad
Diğer Yazarlar: Vanka, Sita (Editör)
Materyal Türü: Printed Book
Dil:English
Konular:
LEADER 02545cam a2200289 i 4500
008 170804t20172017ii ab b 101 0 eng d
010 |a  2017325358 
020 |a 9788131608869 
025 |a I-E-2017325358; 80-01; 70-01 
035 |a (OCoLC)999670905 
035 |a (OCoLC)ocn999670905 
042 |a lccopycat  |a lcode 
043 |a a-ii--- 
111 2 |a Women's World Congress  |n (12th :  |d 2014 :  |c University of Hyderabad),  |j author. 
245 1 0 |a Gender and management :  |b international perspectives /  |c editor, Sita Vanka. 
300 |a xii, 252 pages :  |b illustrations (black and white), maps ;  |c 25 cm 
504 |a Includes bibliographical references and index. 
520 |a Gender can be understood as a construct which enables men and women to conduct themselves in a characteristic style and helps them understand their respective roles in family and society. The business world and management is no exception to this fact. Researchers have studied the effect of gender on management and business, but dynamic changes in the business environment has left a gap leading to a paucity of perspectives on the role of gender in management. This book attempts to present multiple perspectives in a volume showcasing the best practices, success stories, and research papers from across the world on this topic. The contributors to this volume cover a wide variety of subjects encompassing important issues on gender and management, which broadly includes: educational management; enterprise management; healthcare; employment; and labor issues in the manufacturing and service sectors. This book is primarily a compendium of articles on issues relating to gender and management. It will benefit professionals, scholars, and researchers by providing an excellent opportunity for all those interested to update their knowledge on the concept, processes, issues, and emerging paradigms on gender and management from a multidimensional perspective. [Subject: Gender Studies, Business Studies, Sociology, India Studies] 
650 0 |a Feminism  |z India  |v Congresses. 
650 0 |a Women employees  |z India  |v Congresses. 
700 1 |a Vanka, Sita,  |e editor. 
710 2 |a University of Hyderabad,  |e organizer,  |e issuing body. 
906 |a 7  |b cbc  |c copycat  |d 3  |e ncip  |f 20  |g y-gencatlg 
942 |2 ddc  |c BK 
955 |b wd51 2017-08-14  |i wd34 2017-11-02 to CALM 
999 |c 178541  |d 178541 
952 |0 0  |1 0  |4 0  |6 330_082095400000000_GEN  |7 0  |9 197837  |a WMS  |b WMS  |c GEN  |d 2018-04-12  |e The Book Shop  |g 995.00  |i 1526  |l 2  |o 330.0820954 GEN  |p WMS1526  |r 2021-10-06  |s 2019-11-25  |w 2018-04-12  |y BK